000 00438nam a2200169Ia 4500
003 OSt
005 20230527101019.0
008 210423s2005 xx 000 0 und d
040 _cAL
082 _a370
_223
_b QURP
100 _aQURESHI (M U).
_9115149
245 _aProblems of indian education.
260 _aNew Delhi
_bAnmol Publications
_c2005
365 _b700
_cINR
906 _aeducation. ; indian ; Problems
942 _2ddc
_cBK
999 _c174351
_d174351